000 00584nam a22001817a 4500
005 20250128155446.0
008 250128b |||||||| |||| 00| 0 eng d
020 _a1567060110
050 _aKF3509 CON
100 _aConnors Michael P.
245 _aNonqualified Deferred Compensation Answer Book:
_bForms & Checklist
_cMichael P. Connors, Barry K. Downey & Henry A. Smith, III
260 _aNew York
_bA Panel Publication
_c1995
300 _axv. (various pagings).
_c28 cm x 21.5 cm
650 _2Law
700 _aDowney Barry K.
700 _aSmith Henry A.
942 _2lcc
_cBK
_n0
999 _c3164
_d3164